[Event "7 game"]
[Site "http://www.queenalice.com/game.php?id=596423"]
[Date "2009.5.31"]
[Round "-"]
[White "Krooll"]
[Black "CampbellMarcel"]
[Result "1-0"]
[WhiteElo "1857"]
[BlackElo "1703"]

1. d4 e5 2. dxe5 Nc6 3. Nf3 Bc5 4. Bg5 f6 5. exf6 gxf6 6. Bh4 Nh6 7. Qd5 Be7 8.
Qh5+ Nf7 9. e3 Ne5 10. Nxe5 fxe5 11. Bxe7 Qxe7 12. c3 d6 13. Bc4 Be6 14. Bxe6
Qxe6 15. Nd2 O-O-O 16. Qe2 h5 17. Qc4 Qf6 18. O-O-O d5 19. Qe2 Ng5 20. h4 Ne4
21. Nxe4 dxe4 22. f3 exf3 23. Qxf3 Rxd1+ 24. Rxd1 Qh6 25. Qf5+ Kb8 26. Qxe5 Qc6
27. Qxh8+ 1-0

[Event "8 game"]
[Site "http://www.queenalice.com/game.php?id=596424"]
[Date "2009.5.31"]
[Round "-"]
[White "CampbellMarcel"]
[Black "Krooll"]
[Result "0-1"]
[WhiteElo "1681"]
[BlackElo "1889"]

1. e4 e6 2. f4 d5 3. exd5 exd5 4. Nf3 Bg4 5. Be2 Bd6 6. d3 Qf6 7. O-O Nc6 8. c3
O-O-O 9. Ng5 Bxe2 10. Qxe2 Nh6 11. h3 Rde8 12. Qf2 Qe7 13. Nf3 Qe2 14. Qg3 Nf5
15. Qf2 Qxd3 16. Ne1 Qe2 17. Qxe2 Rxe2 18. Nd3 Ne3 19. Bxe3 Rxe3 20. Nb4 Bxb4
21. cxb4 Nxb4 22. Nc3 d4 23. Nd1 Re2 24. a3 Nd3 25. b4 Rhe8 26. g3 Nb2 27. Nxb2
Rxb2 28. Rf2 Ree2 29. Rxe2 Rxe2 30. Rd1 Re3 31. Kf2 Rxa3 32. Rxd4 a5 33. bxa5
Rxa5 34. g4 Ra3 35. h4 c5 36. Rc4 b6 37. f5 Kc7 38. g5 Kc6 39. g6 hxg6 40. fxg6
fxg6 41. Rg4 Kb5 42. Rxg6 Ra7 43. Kf3 Re7 44. Rg5 Kb4 45. h5 c4 46. Rd5 c3 0-1

[Event "9 game"]
[Site "http://www.queenalice.com/game.php?id=596425"]
[Date "2009.5.31"]
[Round "-"]
[White "Krooll"]
[Black "CampbellMarcel"]
[Result "1-0"]
[WhiteElo "1881"]
[BlackElo "1675"]

1. d4 c5 2. dxc5 Qa5+ 3. Nc3 Qxc5 4. Qd5 Qxd5 5. Nxd5 Na6 6. e4 e6 7. Ne3 b6 8.
Nf3 f6 9. Be2 Nc5 10. Nd2 Bb7 11. f3 d5 12. exd5 exd5 13. O-O Bd6 14. Bb5+ Kf7
15. b4 Ne6 16. a3 a6 17. Be2 Ne7 18. Bb2 Rhc8 19. Rfc1 Rc7 20. c4 d4 21. Nd5
Nxd5 22. cxd5 Rxc1+ 23. Rxc1 Bxd5 24. Ne4 Bxe4 25. fxe4 Be5 26. Bc4 b5 27. Bxe6+
Kxe6 28. Rc5 Kd6 29. Rd5+ Kc6 30. Bxd4 Bxd4+ 31. Rxd4 Re8 32. Kf2 g6 33. Kf3 h6
34. Rd2 f5 35. exf5 gxf5 36. Kf4 Rf8 37. Re2 Rd8 38. Re6+ Kb7 39. Re3 Rf8 40.
Re5 Kc6 41. Rxf5 Rd8 42. Rf6+ Kb7 43. Rxh6 Rf8+ 44. Ke5 Rf3 45. gxf3 1-0

[Event "10 game"]
[Site "http://www.queenalice.com/game.php?id=596426"]
[Date "2009.5.31"]
[Round "-"]
[White "CampbellMarcel"]
[Black "Krooll"]
[Result "1-0"]
[WhiteElo "1661"]
[BlackElo "1905"]

1. e4 e6 2. Nc3 d5 3. exd5 exd5 4. d4 Bb4 5. a3 Bxc3+ 6. bxc3 Qe7+ 7. Be2 Nf6 8.
Nf3 O-O 9. O-O Re8 10. Be3 Ng4 11. Qd2 Nxe3 12. fxe3 Qxe3+ 13. Qxe3 Rxe3 14. Bd3
Nc6 15. Ng5 Be6 16. Bxh7+ Kf8 17. Bg6 Nd8 18. Nxe6+ Rxe6 19. Bh5 f6 20. Rf3 Ke7
21. Raf1 Nc6 22. Bg4 Re4 23. Bf5 Rh4 24. g3 Rh6 25. Re1+ Kf7 26. Be6+ Kg6 27.
Bxd5 Rah8 28. h4 Rd8 29. Bxc6 bxc6 30. Re4 Rd7 31. Rfe3 Kf7 32. Kf2 Rh5 33. c4
Ra5 34. c5 Rb5 35. Rb3 Rxb3 36. cxb3 a6 37. Ke3 Rd5 38. g4 g6 39. Kf4 a5 40. b4
axb4 41. axb4 g5+ 42. hxg5 fxg5+ 43. Ke3 Kf6 44. Re8 Rd7 45. Ke4 Rd5 46. Rc8 Rd7
47. Rf8+ Kg7 48. Rf5 Kg6 49. d5 cxd5+ 50. Rxd5 Re7+ 51. Kd4 Rf7 52. Re5 Rf4+ 53.
Re4 Rf7 54. b5 Rd7+ 55. Kc4 Rf7 56. b6 cxb6 57. cxb6 Rf1 58. Kc5 Rc1+ 59. Rc4
Rf1 60. b7 Rf8 61. Kb6 Rf6+ 62. Rc6 1-0

[Event "Challenge"]
[Site "http://www.queenalice.com/game.php?id=601660"]
[Date "2009.6.11"]
[Round "-"]
[White "Heike67"]
[Black "Krooll"]
[Result "0-1"]
[WhiteElo "1974"]
[BlackElo "1872"]

1. e4 e6 2. d4 d5 3. Nd2 dxe4 4. Nxe4 Nd7 5. c4 Ngf6 6. Nc3 c5 7. Nf3 Be7 8. Be2
O-O 9. O-O Qb6 10. Qb3 Rd8 11. Qxb6 Nxb6 12. dxc5 Bxc5 13. Bg5 Bd7 14. Rad1 Bc6
15. Ne5 Be8 16. a3 h6 17. Bh4 Bd4 18. Rc1 Bxe5 0-1

[Event "Challenge"]
[Site "http://www.queenalice.com/game.php?id=601661"]
[Date "2009.6.11"]
[Round "-"]
[White "Krooll"]
[Black "Heike67"]
[Result "1/2-1/2"]
[WhiteElo "1892"]
[BlackElo "1975"]

1. d4 Nf6 2. Bg5 e6 3. e4 d6 4. Nc3 Be7 5. Nf3 O-O 6. Bd3 Nbd7 7. O-O e5 8. d5
c5 9. dxc6 bxc6 10. Qe2 Nc5 11. Rad1 a5 12. Bc4 Qc7 13. a3 Be6 14. Bxe6 Nxe6 15.
b4 axb4 16. axb4 Rfb8 17. b5 Nxg5 18. Nxg5 h6 19. Nf3 Rb6 20. bxc6 Rxc6 21. Nd5
Nxd5 22. Rxd5 Rxc2 23. Rd2 Rxd2 24. Qxd2 Qc4 25. Re1 Ra2 26. Qc1 Qxc1 27. Rxc1
Re2 28. Re1 Rxe1+ 29. Nxe1 f5 30. f3 fxe4 31. fxe4 Kf7 32. Nd3 Bd8 33. Nb4 Bb6+
34. Kf1 Bd4 35. Nd5 h5 36. Ke2 g5 37. Kf3 Ke6 38. h3 Ba7 39. Nc7+ Kd7 40. Nd5
Kc6 41. Nf6 h4 42. Kg4 Bb6 43. Nd5 1/2-1/2

[Event "alexp71"]
[Site "http://www.queenalice.com/game.php?id=603272"]
[Date "2009.6.14"]
[Round "1"]
[White "Krooll"]
[Black "szachista92"]
[Result "0-1"]
[WhiteElo "1946"]
[BlackElo "2101"]

1. d4 Nf6 2. Bg5 Ne4 3. Bf4 d5 4. f3 Nd6 5. e3 e6 6. Bd3 Be7 7. Ne2 f5 8. O-O
O-O 9. Nd2 Nd7 10. c3 Nf7 11. e4 g5 0-1

[Event "QA-ANNIV-05"]
[Site "http://www.queenalice.com/game.php?id=604290"]
[Date "2009.6.15"]
[Round "1"]
[White "Krooll"]
[Black "mauriciov"]
[Result "1-0"]
[WhiteElo "1897"]
[BlackElo "2411"]

1. d4 Nf6 2. Bg5 e6 3. e4 Be7 4. Nc3 Nc6 5. Nf3 O-O 6. Bd3 h6 7. Bh4 Nxe4 8.
Bxe7 Nxc3 9. Bxd8 Nxd1 10. Bxc7 Nxb2 11. Bb5 a6 12. Rb1 axb5 13. Rxb2 Ra4 14. c3
1-0